[Event "Blackmar-Diemer Gambit Thematic"]
[Site "SchemingMind.com"]
[Date "2018.01.29"]
[Round "-"]
[White "Johnny Owens"]
[Black "davidcook"]
[Result "1-0"]
[WhiteCountry "USA"]
[BlackCountry "ENG"]
[WhiteElo "1966"]
[WhiteRD "75"]
[BlackElo "1861"]
[BlackRD "65"]
[GameID "424105"]

1. d4 d5 2. Nc3 Nf6 3. e4 dxe4 4. f3 exf3 5. Nxf3 c6 6. Bd3 Bg4 7. h3 Bxf3 8. Qxf3 e6 9. Be3 Nbd7 10. Qg3 Nb6
11. O-O-O Bd6 12. Qxg7 Rg8 13. Qh6 Be7 14. Rhf1 Nbd7 15. g4 Bf8 16. Qf4 Rg7 17. Kb1 Be7 18. Qh6
1-0

[Event "Blackmar-Diemer Gambit Thematic"]
[Site "SchemingMind.com"]
[Date "2018.01.29"]
[Round "-"]
[White "davidcook"]
[Black "Johnny Owens"]
[Result "0-1"]
[WhiteCountry "ENG"]
[BlackCountry "USA"]
[WhiteElo "1861"]
[WhiteRD "65"]
[BlackElo "1966"]
[BlackRD "75"]
[GameID "424106"]

1. d4 d5 2. Nc3 Nf6 3. e4 dxe4 4. f3 exf3 5. Nxf3 Bg4 6. h3 Bxf3 7. Qxf3 c6 8. Be3 e6 9. Bd3 Nbd7 10. O-O Be7
11. Rf2 O-O 12. Raf1 Qb6 13. b3 Rad8 14. g4 e5 15. dxe5 Nxe5 16. Qf5 Qxe3
0-1

[Event "Blackmar-Diemer Gambit Thematic"]
[Site "SchemingMind.com"]
[Date "2018.02.09"]
[Round "-"]
[White "Johnny Owens"]
[Black "Krolewna"]
[Result "1/2-1/2"]
[WhiteCountry "USA"]
[BlackCountry "POL"]
[WhiteElo "2016"]
[WhiteRD "74"]
[BlackElo "2064"]
[BlackRD "64"]
[GameID "424577"]

1. d4 d5 2. Nc3 Nf6 3. e4 dxe4 4. f3 exf3 5. Nxf3 g6 6. Bc4 Bg7 7. Bg5 O-O 8. Qd2 a6 9. a3 b5 10. Ba2 Bb7
11. Qe2 Nbd7 12. O-O-O e6 13. Ne5 h6 14. Bh4 Qe8 15. Rhf1 Rc8 16. Nxd7 Nxd7 17. d5 Bxd5 18. Bxd5 exd5 19. Qxe8 Rfxe8 20. Nxd5 g5
21. Bg3 c5 22. Bd6 Bf8 23. Bxf8 Kxf8 24. Nf6 Nxf6 25. Rxf6 a5 26. Rd7 Re7 27. Rxh6 Rxd7 28. Rh8+ Ke7 29. Rxc8 Kd6 30. Ra8=
1/2-1/2

[Event "Blackmar-Diemer Gambit Thematic"]
[Site "SchemingMind.com"]
[Date "2018.02.09"]
[Round "-"]
[White "Krolewna"]
[Black "Johnny Owens"]
[Result "0-1"]
[WhiteCountry "POL"]
[BlackCountry "USA"]
[WhiteElo "2035"]
[WhiteRD "65"]
[BlackElo "1966"]
[BlackRD "75"]
[GameID "424578"]

1. d4 d5 2. Nc3 Nf6 3. e4 dxe4 4. f3 exf3 5. Nxf3 Bg4 6. h3 Bxf3 7. Qxf3 c6 8. Be3 e6 9. Bd3 Be7 10. O-O-O Nd5
11. Nxd5 Qxd5 12. Qg3 Qxa2 13. Qxg7 Rf8 14. Qxh7 Nd7 15. c3 a5 16. Bb1 Qa1 17. Bh6 a4 18. Bxf8 Nxf8 19. Qe4 a3 20. Kc2 Qxb2+
0-1

[Event "Blackmar-Diemer Gambit Thematic"]
[Site "SchemingMind.com"]
[Date "2018.02.09"]
[Round "-"]
[White "davidcook"]
[Black "Krolewna"]
[Result "0-1"]
[WhiteCountry "ENG"]
[BlackCountry "POL"]
[WhiteElo "1875"]
[WhiteRD "69"]
[BlackElo "1915"]
[BlackRD "80"]
[GameID "424579"]

1. d4 d5 2. Nc3 Nf6 3. e4 dxe4 4. f3 exf3 5. Nxf3 g6 6. Bf4 Bg7 7. Qd2 O-O 8. O-O-O c5 9. d5 a6 10. d6 Nc6
11. Qe3 exd6 12. Bxd6 Re8 13. Qxc5 Be6 14. Ng5 Nd7 15. Nxe6 Rxe6 16. Qa3 Qg5+ 17. Kb1 Nde5 18. Ne4 Qh4 19. Nc5 Rxd6 20. Nd3 Rd5
0-1

[Event "Blackmar-Diemer Gambit Thematic"]
[Site "SchemingMind.com"]
[Date "2018.02.09"]
[Round "-"]
[White "Krolewna"]
[Black "davidcook"]
[Result "1/2-1/2"]
[WhiteCountry "POL"]
[BlackCountry "ENG"]
[WhiteElo "1915"]
[WhiteRD "80"]
[BlackElo "1875"]
[BlackRD "69"]
[GameID "424580"]

1. d4 d5 2. Nc3 Nf6 3. e4 dxe4 4. f3 exf3 5. Nxf3 c6 6. Bd3 Bg4 7. Be3 e6 8. O-O Nbd7 9. Qe1 Bxf3 10. Rxf3 Qc7
11. Kh1 O-O-O 12. a3 Nb6 13. a4 Nbd5 14. Nxd5 exd5 15. Bg5 Re8 16. Re3 Rxe3 17. Qxe3 Ne4 18. Bxe4 dxe4 19. Qxe4 f6 20. Bf4 Qe7
21. Qxe7 Bxe7 22. Re1 Kd7 23. c4 Re8=
1/2-1/2

[Event "Blackmar-Diemer Gambit Thematic"]
[Site "SchemingMind.com"]
[Date "2018.02.20"]
[Round "-"]
[White "mespina"]
[Black "Johnny Owens"]
[Result "0-1"]
[WhiteCountry "ESP"]
[BlackCountry "USA"]
[WhiteElo "2068"]
[WhiteRD "81"]
[BlackElo "2110"]
[BlackRD "69"]
[GameID "424821"]

1. d4 d5 2. Nc3 Nf6 3. e4 dxe4 4. f3 exf3 5. Nxf3 Bg4 6. h3 Bxf3 7. Qxf3 c6 8. Be3 e6 9. Bd3 Be7 10. O-O O-O
11. Rae1 Nbd7 12. Qg3 Qb6 13. Ne2 c5 14. Bh6 Ne8 15. c3 cxd4 16. cxd4 Rd8 17. Be3 Ndf6 18. Qh4 h6 19. Bxh6 gxh6 20. Qxh6 Qa5
21. g4 Rd5 22. h4 Bc5 23. Kh1 Bxd4 24. Nf4 Re5 25. b4 Qxa2 26. g5 Rxe1 27. Rxe1 Qf2 28. Rf1 Qg3 29. b5 a5 30. bxa6 bxa6
31. gxf6 Nxf6 32. Qg5+ Qxg5 33. hxg5 Ng4 34. Bxa6 Ra8 35. Ne2 Be3 36. Bb7 Rd8 37. Bf3 Ne5 38. Ng3 Nxf3 39. Rxf3 Bxg5 40. Kg2 Kg7
41. Ne4 Be7 42. Rg3+ Kf8 43. Rc3 f5 44. Ng3 Rd2+ 45. Kf3 Bf6 46. Rc8+ Kf7 47. Nh5 Be5 48. Nf4 Bxf4 49. Kxf4 Rd4+
0-1

[Event "Blackmar-Diemer Gambit Thematic"]
[Site "SchemingMind.com"]
[Date "2018.02.20"]
[Round "-"]
[White "Johnny Owens"]
[Black "mespina"]
[Result "1/2-1/2"]
[WhiteCountry "USA"]
[BlackCountry "ESP"]
[WhiteElo "2110"]
[WhiteRD "69"]
[BlackElo "2068"]
[BlackRD "81"]
[GameID "424822"]

1. d4 d5 2. Nc3 Nf6 3. e4 dxe4 4. f3 exf3 5. Nxf3 Bf5 6. Ne5 e6 7. g4 Bg6 8. Bg2 c6 9. h4 Bb4 10. O-O Bxc2
11. Qd2 O-O 12. Qf2 Bg6 13. h5 Nxg4 14. Nxg4 Bxh5 15. Bf3 Bxg4 16. Bxg4 f5 17. Be2 Nd7 18. Bf4 Nf6 19. Rae1 Nd5 20. Be5 Qg5+
21. Kh1 Qh6+ 22. Qh2 Qxh2+ 23. Kxh2 Bxc3 24. bxc3 Nxc3 25. Bc4 Nd5 26. Rf2 Rae8 27. Kg3 Rf7 28. Kf3 h6 29. Rh2 Nc3 30. a4 Nxa4
31. Bf4 Rf6 32. Be5 Rg6 33. Ra2 Nb6 34. Bf1 Nd7 35. Rxa7 Nxe5+ 36. Rxe5 Re7 37. Ba6 Kf7 38. Rxb7 Rxb7 39. Bxb7 h5 40. Bxc6=
1/2-1/2

[Event "Blackmar-Diemer Gambit Thematic"]
[Site "SchemingMind.com"]
[Date "2018.02.16"]
[Round "-"]
[White "mespina"]
[Black "davidcook"]
[Result "1-0"]
[WhiteCountry "ESP"]
[BlackCountry "ENG"]
[WhiteElo "1995"]
[WhiteRD "161"]
[BlackElo "1875"]
[BlackRD "69"]
[GameID "424823"]

1. d4 d5 2. Nc3 Nf6 3. e4 dxe4 4. f3 exf3 5. Nxf3 c6 6. Bc4 Bf5 7. O-O e6 8. Bg5 Be7 9. Bd3 Bxd3 10. Qxd3 Nd5
11. Bxe7 Qxe7 12. Rae1 Nd7 13. Nxd5 cxd5 14. Qb5 O-O 15. Qxd5 Nf6 16. Qg5 h6 17. Qd2 Rfd8 18. Ne5 Rac8 19. Rf3 Rc7 20. c3 Rf8
21. Ref1 Qe8 22. Rxf6
1-0

[Event "Blackmar-Diemer Gambit Thematic"]
[Site "SchemingMind.com"]
[Date "2018.02.16"]
[Round "-"]
[White "davidcook"]
[Black "mespina"]
[Result "1-0"]
[WhiteCountry "ENG"]
[BlackCountry "ESP"]
[WhiteElo "1875"]
[WhiteRD "69"]
[BlackElo "1995"]
[BlackRD "161"]
[GameID "424824"]

1. d4 d5 2. Nc3 Nf6 3. e4 dxe4 4. f3 exf3 5. Nxf3 e6 6. Bg5 Be7 7. Qd2 O-O 8. O-O-O Nc6 9. Kb1 h6 10. Bxh6 Ng4
11. Bf4 e5 12. Nxe5 Ngxe5 13. Bxe5 Nxe5 14. dxe5 Qxd2 15. Rxd2 Be6 16. Nb5 Rad8 17. Rxd8 Rxd8 18. Bd3 c6 19. Nc3 Rd5 20. Nxd5 Bxd5
21. Rd1 Bxg2 22. Bc4 Bh3 23. e6 fxe6 24. Rd7
1-0

[Event "Blackmar-Diemer Gambit Thematic"]
[Site "SchemingMind.com"]
[Date "2018.02.16"]
[Round "-"]
[White "mespina"]
[Black "Krolewna"]
[Result "0-1"]
[WhiteCountry "ESP"]
[BlackCountry "POL"]
[WhiteElo "1995"]
[WhiteRD "161"]
[BlackElo "1915"]
[BlackRD "80"]
[GameID "424825"]

1. d4 d5 2. Nc3 Nf6 3. e4 dxe4 4. f3 exf3 5. Nxf3 g6 6. Bc4 Bg7 7. O-O O-O 8. Be3 b6 9. Qd2 Bb7 10. Bh6 Bxh6
11. Qxh6 Bxf3 12. Ne2 Bxe2 13. Bxe2 Qxd4+ 14. Kh1 Qxb2 15. Bf3 c6 16. Qd2 Nbd7 17. Bxc6 Rac8 18. Rfb1 Qe5 19. Re1 Qc7 20. Bxd7 Qxd7
21. Qxd7 Nxd7 22. Rxe7 Nf6 23. Rxa7 Rxc2 24. Ra6 Rfc8 25. Rg1 Rc1 26. h3 Nd5 27. Rxc1 Rxc1+ 28. Kh2 Kg7
0-1

[Event "Blackmar-Diemer Gambit Thematic"]
[Site "SchemingMind.com"]
[Date "2018.02.16"]
[Round "-"]
[White "Krolewna"]
[Black "mespina"]
[Result "0-1"]
[WhiteCountry "POL"]
[BlackCountry "ESP"]
[WhiteElo "1968"]
[WhiteRD "74"]
[BlackElo "2142"]
[BlackRD "103"]
[GameID "424826"]

1. d4 d5 2. Nc3 Nf6 3. e4 dxe4 4. f3 exf3 5. Nxf3 Bf5 6. Bd3 e6 7. Bg5 Be7 8. Bxf5 exf5 9. Qd3 Nc6 10. O-O O-O
11. a3 Qd7 12. b4 Rad8 13. Rae1 Rfe8 14. Be3 a6 15. Bf2 b5 16. Kh1 h6 17. h3 g5 18. Re2 Bd6 19. Rfe1 Rxe2 20. Rxe2 Nh5
21. Re1 Ne7 22. Nd2 Ng6 23. Qf3 g4 24. hxg4 fxg4 25. Qe2 f5 26. Qe3 Bf4 27. Qd3 g3 28. Be3 Bxe3 29. Qxe3 Qxd4 30. Qxd4 Rxd4
31. Nf3 Rc4 32. Re3 f4
0-1

[Event "Blackmar-Diemer Gambit Thematic"]
[Site "SchemingMind.com"]
[Date "2018.02.18"]
[Round "-"]
[White "Kenny Elliott"]
[Black "mespina"]
[Result "0-1"]
[WhiteCountry "USA"]
[BlackCountry "ESP"]
[WhiteElo "1510"]
[WhiteRD "67"]
[BlackElo "1995"]
[BlackRD "161"]
[GameID "424875"]

1. d4 d5 2. Nc3 Nf6 3. e4 dxe4 4. f3 Bf5 5. fxe4 Nxe4 6. Nxe4 Bxe4 7. Be3 e6 8. Nf3 Nc6 9. Bb5 f6 10. O-O Qd6
11. Qe2 O-O-O 12. c4 Bxf3 13. Rxf3 Nxd4 14. Bxd4 Qxd4+ 15. Kf1 Bc5 16. Qxe6+ Kb8 17. Re1 Qg1+ 18. Ke2 Qxg2+ 19. Rf2 Qxf2#
0-1

[Event "Blackmar-Diemer Gambit Thematic"]
[Site "SchemingMind.com"]
[Date "2018.02.18"]
[Round "-"]
[White "mespina"]
[Black "Kenny Elliott"]
[Result "1-0"]
[WhiteCountry "ESP"]
[BlackCountry "USA"]
[WhiteElo "1995"]
[WhiteRD "161"]
[BlackElo "1510"]
[BlackRD "67"]
[GameID "424876"]

1. d4 d5 2. Nc3 Nf6 3. e4 dxe4 4. f3 exf3 5. Nxf3 Bg4 6. Be2 e6 7. O-O Bb4 8. Be3 Bxc3 9. bxc3 O-O 10. Rb1 b6
11. Ne5 Bxe2 12. Qxe2 Nbd7 13. Bg5 Rc8 14. Nxd7 Qxd7 15. Rxf6 Qd5 16. Qg4 Qxa2 17. Bh6 g6 18. Rbf1 Qxc2 19. Rxf7 Rxf7 20. Qxe6
1-0

[Event "Blackmar-Diemer Gambit Thematic"]
[Site "SchemingMind.com"]
[Date "2018.02.22"]
[Round "-"]
[White "Kenny Elliott"]
[Black "Johnny Owens"]
[Result "0-1"]
[WhiteCountry "USA"]
[BlackCountry "USA"]
[WhiteElo "1528"]
[WhiteRD "70"]
[BlackElo "2016"]
[BlackRD "74"]
[GameID "424877"]

1. d4 d5 2. Nc3 Nf6 3. e4 dxe4 4. f3 exf3 5. Nxf3 Bg4 6. Be2 e6 7. a3 Nbd7 8. O-O Be7 9. Ne5 Nxe5 10. dxe5 Qxd1
11. Bxd1 Bxd1 12. exf6 Bc5+ 13. Kh1 Bxc2 14. fxg7 Rg8 15. Bh6 Bd3 16. Rf3 Rd8 17. Rd1 Bg6 18. Rxd8+ Kxd8 19. h3 Bd4 20. b4 Bxg7
21. Bxg7 Rxg7 22. Kh2 Ke7 23. Nb5 c6 24. Nxa7 Rg8 25. Rc3 Ra8 26. Nxc6+ bxc6 27. Rxc6 Rxa3 28. b5 Rb3 29. b6 Kf6
0-1

[Event "Blackmar-Diemer Gambit Thematic"]
[Site "SchemingMind.com"]
[Date "2018.02.22"]
[Round "-"]
[White "Johnny Owens"]
[Black "Kenny Elliott"]
[Result "1-0"]
[WhiteCountry "USA"]
[BlackCountry "USA"]
[WhiteElo "1966"]
[WhiteRD "75"]
[BlackElo "1543"]
[BlackRD "71"]
[GameID "424878"]

1. d4 d5 2. Nc3 Nf6 3. e4 dxe4 4. f3 exf3 5. Nxf3 Bg4 6. h3 Bxf3 7. Qxf3 c6 8. Be3 e6 9. Bd3 Bb4 10. O-O Bxc3
11. bxc3 O-O 12. Bg5 Nbd7 13. Qg3 Qc8 14. Rxf6 Nxf6 15. Bxf6 g6 16. Qh4 h5 17. Rf1 b5 18. Qg5 Kh7 19. Qxh5+
1-0

[Event "Blackmar-Diemer Gambit Thematic"]
[Site "SchemingMind.com"]
[Date "2018.02.17"]
[Round "-"]
[White "Kenny Elliott"]
[Black "davidcook"]
[Result "0-1"]
[WhiteCountry "USA"]
[BlackCountry "ENG"]
[WhiteElo "1510"]
[WhiteRD "67"]
[BlackElo "1875"]
[BlackRD "69"]
[GameID "424879"]

1. d4 d5 2. Nc3 Nf6 3. e4 dxe4 4. f3 exf3 5. Nxf3 c6 6. Bg5 Bg4 7. Bxf6 gxf6 8. Be2 Nd7 9. Qd3 Bh6 10. O-O Qc7
11. h3 Bh5 12. Ne4 O-O-O 13. Qb3 Rhg8 14. g4 f5 15. Nf2 fxg4 16. Nxg4 Bxg4 17. hxg4 Rxg4+ 18. Kf2 Qg3#
0-1

[Event "Blackmar-Diemer Gambit Thematic"]
[Site "SchemingMind.com"]
[Date "2018.02.17"]
[Round "-"]
[White "davidcook"]
[Black "Kenny Elliott"]
[Result "1-0"]
[WhiteCountry "ENG"]
[BlackCountry "USA"]
[WhiteElo "1875"]
[WhiteRD "69"]
[BlackElo "1510"]
[BlackRD "67"]
[GameID "424880"]

1. d4 d5 2. Nc3 Nf6 3. e4 dxe4 4. f3 exf3 5. Nxf3 Bg4 6. h3 Bxf3 7. Qxf3 c6 8. Bc4 Nbd7 9. O-O e6 10. Bg5 Be7
11. Rae1 O-O 12. Bd3 Qb6 13. Qe3 Bb4 14. Ne4 Nxe4 15. Qxe4 g6 16. c3 Bxc3 17. bxc3 Qb2 18. Bh6 Rfe8 19. Bc4 Qxc3 20. Rxf7 Qxc4
21. Rxd7 Reb8 22. Qe5
1-0

[Event "Blackmar-Diemer Gambit Thematic"]
[Site "SchemingMind.com"]
[Date "2018.02.19"]
[Round "-"]
[White "Kenny Elliott"]
[Black "Krolewna"]
[Result "0-1"]
[WhiteCountry "USA"]
[BlackCountry "POL"]
[WhiteElo "1512"]
[WhiteRD "69"]
[BlackElo "1968"]
[BlackRD "74"]
[GameID "424881"]

1. d4 d5 2. Nc3 Nf6 3. e4 dxe4 4. f3 exf3 5. Nxf3 g6 6. Bg5 Bg7 7. Qd2 O-O 8. O-O-O Nbd7 9. d5 a6 10. h3 Nb6
11. Bh6 e6 12. Bxg7 Kxg7 13. dxe6 Qxd2+ 14. Rxd2 Bxe6 15. Be2 Nbd5 16. Nxd5 Bxd5 17. Kb1 Rfe8 18. Rhd1 Re7 19. g4 Rxe2 20. Rxd5 Nxd5
21. Rxd5 Rae8 22. a3 R8e7 23. h4 b5 24. b3 c6 25. Rd6 R7e3 26. Nd2 Rh3 27. h5 gxh5 28. gxh5 Rxh5 29. Kb2 Rd5 30. Rxc6 Rdxd2
0-1

[Event "Blackmar-Diemer Gambit Thematic"]
[Site "SchemingMind.com"]
[Date "2018.02.19"]
[Round "-"]
[White "Krolewna"]
[Black "Kenny Elliott"]
[Result "1-0"]
[WhiteCountry "POL"]
[BlackCountry "USA"]
[WhiteElo "1915"]
[WhiteRD "80"]
[BlackElo "1510"]
[BlackRD "67"]
[GameID "424882"]

1. d4 d5 2. Nc3 Nf6 3. e4 dxe4 4. f3 exf3 5. Nxf3 Bg4 6. h3 Bh5 7. Bc4 e6 8. O-O Bb4 9. a3 Bxc3 10. bxc3 O-O
11. Rb1 b6 12. Bg5 Nbd7 13. Qe1 Bg6 14. Rc1 h6 15. Bh4 Qc8 16. Ne5 Ne8 17. Nxg6 Nd6 18. Ne7+ Kh8 19. Nxc8 Nxc4 20. Ne7 Nxa3
21. Qe2 c5 22. Ra1 Nxc2 23. Qxc2 cxd4 24. cxd4 a5 25. Qc7
1-0

[Event "Blackmar-Diemer Gambit Thematic"]
[Site "SchemingMind.com"]
[Date "2018.02.20"]
[Round "-"]
[White "Kenny Elliott"]
[Black "Chessibelle"]
[Result "1-0"]
[WhiteCountry "USA"]
[BlackCountry "ENG"]
[WhiteElo "1512"]
[WhiteRD "69"]
[BlackElo "1078"]
[BlackRD "58"]
[GameID "425007"]

1. d4 d5 2. Nc3 Nf6 3. e4 dxe4 4. f3 Bf5 5. Bg5 e6 6. a3 Be7 7. Qe2 O-O 8. O-O-O Nc6 9. Bxf6 Bxf6 10. fxe4 Bg6
11. Qc4 Bh5 12. Be2 Bg5+ 13. Kb1 Bg6 14. Nf3 Bf6 15. d5 Na5 16. Qb5 b6 17. dxe6 Qe7 18. e5 Bg5 19. Rd7 Qxe6 20. Nxg5 Qf5
21. Nge4 Rac8 22. Rf1 Qe6 23. Ng5 Qe8 24. Qd5 Kh8 25. Nxf7+ Bxf7 26. Rfxf7 Rg8 27. Bh5 c6 28. Qd3 Qxe5 29. Bg6 h6 30. Qh3 Qg5
31. Qd3 Qxg2 32. Ne2 b5 33. Nf4 Qg1+ 34. Ka2 Qxh2 35. Ne6 Nc4 36. Rxg7 Qe5 37. Rh7#
1-0

[Event "Blackmar-Diemer Gambit Thematic"]
[Site "SchemingMind.com"]
[Date "2018.02.20"]
[Round "-"]
[White "Chessibelle"]
[Black "Kenny Elliott"]
[Result "0-1"]
[WhiteCountry "ENG"]
[BlackCountry "USA"]
[WhiteElo "1058"]
[WhiteRD "58"]
[BlackElo "1510"]
[BlackRD "67"]
[GameID "425008"]

1. d4 d5 2. Nc3 Nf6 3. e4 dxe4 4. f3 exf3 5. Nxf3 Bg4 6. Be2 e6 7. Bd2 c5 8. O-O Qb6 9. b3 cxd4 10. Nb5 d3+
11. Kh1 dxe2 12. Qxe2 Bxf3 13. gxf3 Bc5 14. Kg2 O-O 15. c4 Nc6 16. Bc3 Nd4 17. Qd3 Rad8 18. b4 Nxf3 19. Qxf3 Be3 20. Rfe1 Rd3
21. Bb2 Rd2+ 22. Kh3 Rxb2 23. Rxe3 a6 24. Nc3 Rd8 25. Rg1 Rdd2 26. Kh4 Rxh2+ 27. Kg3 Qd6+
0-1

[Event "Blackmar-Diemer Gambit Thematic"]
[Site "SchemingMind.com"]
[Date "2018.02.21"]
[Round "-"]
[White "Chessibelle"]
[Black "mespina"]
[Result "0-1"]
[WhiteCountry "ENG"]
[BlackCountry "ESP"]
[WhiteElo "1078"]
[WhiteRD "58"]
[BlackElo "2142"]
[BlackRD "103"]
[GameID "425009"]

1. d4 d5 2. Nc3 Nf6 3. e4 dxe4 4. f3 Bf5 5. Nge2 exf3 6. gxf3 e6 7. Bd2 Nc6 8. Bg2 Nxd4 9. O-O Nxc2 10. Rc1 Bc5+
11. Kh1 Ne3 12. Bxe3 Bxe3 13. Rc2 Qxd1 14. Nxd1 Bxc2 15. Nxe3 Bd3 16. Re1 Bxe2 17. Rxe2 O-O-O 18. b3 Rd3 19. Nc2 Rd1+ 20. Ne1 Nd5
21. h3 Nf4 22. Rc2 Rxe1+ 23. Kh2 Rd8 24. a4 Rd4 25. Rb2 Rb4 26. a5 Ra1 27. h4 Rxa5 28. Bf1 Ra3 29. Kg3 Nh5+ 30. Kf2 Raxb3
31. Rd2 Rxh4 32. Bg2 Rb1 33. Ke3 Nf4 34. Rf2 Rb3+ 35. Kd4 Ne2+ 36. Ke5 Rb5#
0-1

[Event "Blackmar-Diemer Gambit Thematic"]
[Site "SchemingMind.com"]
[Date "2018.02.20"]
[Round "-"]
[White "mespina"]
[Black "Chessibelle"]
[Result "1-0"]
[WhiteCountry "ESP"]
[BlackCountry "ENG"]
[WhiteElo "1995"]
[WhiteRD "161"]
[BlackElo "1058"]
[BlackRD "58"]
[GameID "425010"]

1. d4 d5 2. Nc3 Nf6 3. e4 dxe4 4. f3 Bf5 5. g4 Be6 6. fxe4 g5 7. h3 Bg7 8. Bxg5 Nc6 9. Nge2 O-O 10. Bg2 a6
11. d5 Bd7 12. dxc6 Bxc6 13. O-O h6 14. Bf4 e6 15. e5 Nd5 16. Nxd5 exd5 17. Qd2 f6 18. Bxh6 Qd7 19. Bxg7 Kxg7 20. exf6+ Kf7
21. Qh6 Ke6 22. f7+ Ke7 23. Qf6#
1-0

[Event "Blackmar-Diemer Gambit Thematic"]
[Site "SchemingMind.com"]
[Date "2018.02.22"]
[Round "-"]
[White "Chessibelle"]
[Black "Johnny Owens"]
[Result "0-1"]
[WhiteCountry "ENG"]
[BlackCountry "USA"]
[WhiteElo "1128"]
[WhiteRD "59"]
[BlackElo "1966"]
[BlackRD "75"]
[GameID "425011"]

1. d4 d5 2. Nc3 Nf6 3. e4 dxe4 4. f3 exf3 5. gxf3 Nc6 6. Nge2 Nd5 7. Bd2 g6 8. Bg2 Bg7 9. O-O Nxd4 10. Nxd4 Bxd4+
11. Kh1 Nxc3 12. Qe1 Na4 13. Rd1 Nxb2 14. Rb1 Be6 15. c3 Nd3 16. Qd1 Nf2+ 17. Rxf2 Bxf2 18. h3 Qd3 19. Rxb7 O-O 20. Bf1 Qd6
21. Qe2 Qg3 22. Bg2 Bxh3 23. Qf1 Rad8 24. Rb4 Rxd2 25. Bxh3 Rd1 26. Qxd1 Qxh3#
0-1

[Event "Blackmar-Diemer Gambit Thematic"]
[Site "SchemingMind.com"]
[Date "2018.02.25"]
[Round "-"]
[White "Johnny Owens"]
[Black "Chessibelle"]
[Result "1-0"]
[WhiteCountry "USA"]
[BlackCountry "ENG"]
[WhiteElo "1966"]
[WhiteRD "75"]
[BlackElo "1128"]
[BlackRD "59"]
[GameID "425012"]

1. d4 d5 2. Nc3 Nf6 3. e4 dxe4 4. f3 Bf5 5. fxe4 Nxe4 6. Bd3 g6 7. Bxe4 Bg7 8. Bxb7 Nd7 9. Bxa8 Qxa8 10. Nf3 Qc6
11. O-O h6 12. Nh4 Be6 13. d5 Qc5+ 14. Kh1 O-O 15. dxe6 Nb6 16. exf7+ Kh7 17. Nxg6 Kxg6 18. Qd3+ Kh5 19. Rf5+
1-0

[Event "Blackmar-Diemer Gambit Thematic"]
[Site "SchemingMind.com"]
[Date "2018.02.20"]
[Round "-"]
[White "Chessibelle"]
[Black "davidcook"]
[Result "0-1"]
[WhiteCountry "ENG"]
[BlackCountry "ENG"]
[WhiteElo "1058"]
[WhiteRD "58"]
[BlackElo "1875"]
[BlackRD "69"]
[GameID "425013"]

1. d4 d5 2. Nc3 Nf6 3. e4 dxe4 4. f3 exf3 5. Nxf3 c6 6. Be2 Bf5 7. O-O e6 8. Bd2 Nbd7 9. a3 Qc7 10. g3 Bd6
11. b4 O-O 12. Qe1 Bxc2 13. Ng5 Bg6 14. Be3 Nd5 15. Bd2 N7f6 16. Bf3 Nxc3 17. Bxc3 Nd5 18. Rd1 Nxc3 19. Qxc3 Bxg3 20. h3 Rad8
21. Bg2 Rfe8 22. Nf3 h6 23. Nd2 Bd6 24. Nf3 Bh5 25. Kf2 Bxf3 26. Bxf3 e5 27. Ke2 exd4+
0-1

[Event "Blackmar-Diemer Gambit Thematic"]
[Site "SchemingMind.com"]
[Date "2018.02.20"]
[Round "-"]
[White "davidcook"]
[Black "Chessibelle"]
[Result "1-0"]
[WhiteCountry "ENG"]
[BlackCountry "ENG"]
[WhiteElo "1875"]
[WhiteRD "69"]
[BlackElo "1058"]
[BlackRD "58"]
[GameID "425014"]

1. d4 d5 2. Nc3 Nf6 3. e4 dxe4 4. f3 Bf5 5. fxe4 Bg4 6. Be2 Be6 7. d5 Bd7 8. e5 Ng8 9. Nf3 f6 10. O-O c6
11. Nh4 Qc7 12. e6 Bc8 13. Bh5+ Kd8 14. dxc6+ Nd7 15. cxd7 b6 16. Bf4 Qc5+ 17. Kh1 g5 18. dxc8=Q+ Kxc8 19. Qd7#
1-0

[Event "Blackmar-Diemer Gambit Thematic"]
[Site "SchemingMind.com"]
[Date "2018.02.20"]
[Round "-"]
[White "Chessibelle"]
[Black "Krolewna"]
[Result "0-1"]
[WhiteCountry "ENG"]
[BlackCountry "POL"]
[WhiteElo "1058"]
[WhiteRD "58"]
[BlackElo "1915"]
[BlackRD "80"]
[GameID "425015"]

1. d4 d5 2. Nc3 Nf6 3. e4 dxe4 4. f3 c6 5. Be2 Bf5 6. h3 e6 7. Be3 Bb4 8. Bd2 Qxd4 9. g4 Bg6 10. b3 e3
11. Bxe3 Qxe3 12. Kf1 Bxc3 13. Rb1 O-O 14. h4 h5 15. b4 hxg4 16. Kg2 Nd5 17. Bc4 Nf4+ 18. Kg3 b6 19. Kxg4 Bf5+ 20. Kg3 Be5
21. Rb3 Nd3+ 22. Kg2 Qf2#
0-1

[Event "Blackmar-Diemer Gambit Thematic"]
[Site "SchemingMind.com"]
[Date "2018.02.20"]
[Round "-"]
[White "Krolewna"]
[Black "Chessibelle"]
[Result "1-0"]
[WhiteCountry "POL"]
[BlackCountry "ENG"]
[WhiteElo "1968"]
[WhiteRD "74"]
[BlackElo "1078"]
[BlackRD "58"]
[GameID "425016"]

1. d4 d5 2. Nc3 Nf6 3. e4 dxe4 4. f3 Bf5 5. g4 Bd7 6. g5 e6 7. gxf6 Qxf6 8. fxe4 Qh4+ 9. Kd2 g6 10. Nf3 Qd8
11. Bc4 Bg7 12. e5 O-O 13. b3 Re8 14. Bb2 Bh6+ 15. Ke2 a6 16. Qf1 f6 17. Re1 Nc6 18. Ne4 f5 19. Nc5 Bc8 20. Rg1 Bg7
21. Kd1 b6 22. Nxa6 Bb7 23. Kc1 Bh6+ 24. Kb1 g5 25. Qh3 Bg7 26. Nxg5 Nxd4 27. Qxh7+ Kf8 28. Nxe6+ Rxe6 29. Rxg7 Ke8 30. Rg8#
1-0

[Event "Blackmar-Diemer Gambit Thematic"]
[Site "SchemingMind.com"]
[Date "2018.02.25"]
[Round "-"]
[White "Kenny Elliott"]
[Black "Glenn O'Brien"]
[Result "0-1"]
[WhiteCountry "USA"]
[BlackCountry "AUS"]
[WhiteElo "1512"]
[WhiteRD "69"]
[BlackElo "1902"]
[BlackRD "79"]
[GameID "425231"]

1. d4 d5 2. Nc3 Nf6 3. e4 dxe4 4. f3 exf3 5. Nxf3 Bg4 6. Be2 e6 7. Bg5 Be7 8. O-O O-O 9. Qd3 Nc6 10. h3 Bxf3
11. Bxf3 Qxd4+ 12. Qxd4 Nxd4 13. Bxb7 Rab8 14. Rad1 Rxb7 15. Rxd4 Bc5 16. Bxf6 gxf6 17. Rf4 e5 18. Rxf6 Bxd4+ 19. Kh1 Rxb2 20. Nd5 e4
21. Nxc7 Bxf6
0-1

[Event "Blackmar-Diemer Gambit Thematic"]
[Site "SchemingMind.com"]
[Date "2018.02.26"]
[Round "-"]
[White "Glenn O'Brien"]
[Black "Kenny Elliott"]
[Result "1-0"]
[WhiteCountry "AUS"]
[BlackCountry "USA"]
[WhiteElo "1902"]
[WhiteRD "79"]
[BlackElo "1512"]
[BlackRD "69"]
[GameID "425232"]

1. d4 d5 2. Nc3 Nf6 3. e4 dxe4 4. f3 exf3 5. Nxf3 Bg4 6. h3 Bxf3 7. Qxf3 c6 8. Be3 e6 9. Bd3 Bb4 10. O-O Bxc3
11. bxc3 Nbd7 12. Rab1 Nb6 13. Bg5 Nbd5 14. Rxb7 O-O 15. c4 Qc8 16. Rb3 Nd7 17. cxd5 cxd5 18. Be7 Re8 19. Qxf7+ Kh8 20. Qxe6 Nf6
21. Rxf6 Qxe6 22. Rxe6 a5 23. Rb5 Ra7 24. Rxd5 Kg8 25. Bc5 Rxe6 26. Rd8+ Kf7 27. Rf8#
1-0